Obchod a spotrebiteľ bakalárska práca

Salvato in:
Dettagli Bibliografici
Autore principale: Machalová, Veronika
Ente Autore: Obchodná fakulta EU. Katedra marketingu
Altri autori: Horňáková, Lucia, 1982-
Natura: Libro
Lingua:slovacco
Pubblicazione: Bratislava 2009
Tags: Aggiungi Tag
Nessun Tag, puoi essere il primo ad aggiungerne!!

MARC

LEADER 00000nam$a2200000$$$4500
001 0099844
005 20240318135456.6
041 0 |a slo 
044 |a SK 
245 1 0 |a Obchod a spotrebiteľ  |b bakalárska práca  |c Veronika Machalová ; škol. Lucia Horňáková 
264 1 |a Bratislava  |c 2009 
300 |a 45 s. 
100 1 |a Machalová, Veronika 
700 1 |a Horňáková, Lucia, 1982- 
710 2 |a Obchodná fakulta EU. Katedra marketingu